[Event "Izhevsk op"]
[Site "Izhevsk"]
[Date "2009.07.16"]
[Round "2"]
[White "Lepkasov, Vladislav"]
[Black "Verdnikov, Vladimir"]
[Result "1/2-1/2"]
[WhiteElo "2037"]
[BlackElo "2191"]
[PlyCount "97"]
[EventDate "2009.07.15"]
[EventType "swiss"]
[EventRounds "9"]
[EventCountry "RUS"]
[SourceTitle "EXT 2010"]
[Source "ChessBase"]
[SourceDate "2010.11.25"]
[SourceVersion "1"]
[SourceVersionDate "2010.11.25"]
[SourceQuality "1"]

1. e4 d6 2. d4 Nf6 3. Nc3 g6 4. g3 Bg7 5. Bg2 0-0 6. Nge2 Nbd7 7. h3 c5 8. Be3 Rb8 9. a4 b6 10. 0-0 Bb7 11. Qd2 cxd4 12. Bxd4 Nc5 13. f3 e5 14. Be3 d5 15. exd5 Nxd5 16. Nxd5 Qxd5 17. Qxd5 Bxd5 18. Nc3 Bc4 19. Rfd1 Ne6 20. Nb5 a5 21. Rd6 Bxb5 22. axb5 Nd4 23. Bxd4 exd4 24. Kf2 Rfd8 25. Rxd8+ Rxd8 26. Bf1 d3 27. c3 Rd5 28. Ke3 Rxb5 29. Ra2 Rg5 30. g4 Re5+ 31. Kxd3 Bh6 32. b4 axb4 33. cxb4 Re3+ 34. Kc4 Rxf3 35. Bg2 Rg3 36. Kb5 Be3 37. Ra3 Kg7 38. Kc6 h5 39. g5 h4 40. b5 Bf2 41. Rxg3 hxg3 42. Kd5 Be3 43. h4 Kf8 44. Ke4 Bf2 45. Kf3 Ke7 46. Ke2 Kd6 47. Bc6 Ke5 48. Kf3 Be1 49. Kg2 1/2-1/2

[Event "PriFR-ch U16"]
[Site "Penza"]
[Date "2008.11.11"]
[Round "9"]
[White "Lepkasov, Vladislav"]
[Black "Pasiev, Rakhim"]
[Result "0-1"]
[WhiteElo "2055"]
[BlackElo "2173"]
[PlyCount "70"]
[EventDate "2008.11.03"]
[EventType "swiss"]
[EventRounds "9"]
[EventCountry "RUS"]
[SourceTitle "EXT 2022"]
[Source "ChessBase"]
[SourceDate "2021.10.06"]
[SourceVersion "1"]
[SourceVersionDate "2021.10.06"]
[SourceQuality "1"]

1. e4 c5 2. Nf3 d6 3. d4 cxd4 4. Nxd4 Nf6 5. Nc3 g6 6. Be3 Bg7 7. f3 0-0 8. Qd2 Nc6 9. 0-0-0 Nxd4 10. Bxd4 Be6 11. h4 Qa5 12. Kb1 Rfc8 13. g4 Rxc3 14. Qxc3 Qxa2+ 15. Kc1 Bxg4 16. fxg4 Qa1+ 17. Kd2 Nxe4+ 18. Ke1 Nxc3 19. Rxa1 Bxd4 20. Rh3 Ne4 21. Ra4 e5 22. c3 Nc5 23. Ra2 Bg1 24. Bg2 Ne6 25. Bxb7 Rb8 26. Rh1 Bb6 27. Be4 Nf4 28. c4 Bd4 29. Rh2 h5 30. g5 Bc5 31. Kd1 Rb3 32. Kc2 Re3 33. Bc6 Nd3 34. Kd2 Nb4 35. Ra5 Rb3 0-1

[Event "PriFR-ch U16"]
[Site "Penza"]
[Date "2008.11.06"]
[Round "4"]
[White "Ostanin, Vadim"]
[Black "Lepkasov, Vladislav"]
[Result "1-0"]
[WhiteElo "2243"]
[BlackElo "2055"]
[PlyCount "115"]
[EventDate "2008.11.03"]
[EventType "swiss"]
[EventRounds "9"]
[EventCountry "RUS"]
[SourceTitle "EXT 2022"]
[Source "ChessBase"]
[SourceDate "2021.10.06"]
[SourceVersion "1"]
[SourceVersionDate "2021.10.06"]
[SourceQuality "1"]

1. e4 c5 2. Nf3 e6 3. d3 Nc6 4. c3 Nf6 5. Nbd2 Be7 6. g3 a6 7. Bg2 b5 8. e5 Nd5 9. Ne4 Qc7 10. d4 c4 11. 0-0 Bb7 12. b3 Na5 13. Bd2 0-0 14. b4 Nc6 15. a4 Nb6 16. a5 Nd5 17. Qc2 f5 18. exf6 gxf6 19. Rae1 Rf7 20. Bh6 Kh8 21. Nc5 Bxc5 22. dxc5 Rg8 23. Qd2 Nce7 24. Nd4 Rg6 25. Be4 f5 26. Bc2 Ng8 27. Bg5 Rfg7 28. Be3 Rg4 29. Bd1 R4g6 30. Nf3 Ngf6 31. Bd4 Qd8 32. Ne5 Qe8 33. Nxg6+ Qxg6 34. Bf3 Kg8 35. Bxd5 Bxd5 36. f3 Rf7 37. Bxf6 Qxf6 38. Qd4 Qg6 39. Qf4 Rf8 40. Re5 Bc6 41. Kf2 Qh5 42. h4 Kg7 43. Qg5+ Qxg5 44. hxg5 Kg6 45. f4 Kh5 46. Re2 Kg4 47. Ke3 Kh3 48. Rg1 Rh8 49. Kd4 Rg8 50. Ke5 Rf8 51. Re3 Kg4 52. Rd1 Kh3 53. g4+ Kxg4 54. Rg1+ Kh4 55. Rgg3 Kh5 56. g6 Kh6 57. g7 Rg8 58. Kf6 1-0